| 000 | 00370nam a2200157Ia 4500 | ||
|---|---|---|---|
| 008 | 230917s9999||||xx |||||||||||||| ||und|| | ||
| 020 | _cPS81 | ||
| 040 |
_e17384 _aMAIN |
||
| 041 | _aEnglish | ||
| 082 | _a333.7 P217E | ||
| 100 | _aParikh, Kirti S | ||
| 245 | 0 | _aSecond india studies energy | |
| 260 |
_aDelhi _bMacmillan _c1976 |
||
| 300 | _avii,132 p. | ||
| 942 | _cBK | ||
| 999 |
_c50983 _d50983 |
||